Surplus Property Donations : hearings before the United States Senate Committee on Government Operations, Subcommittee on Reorganization, Eighty-Fourth Congress, second session, on Apr. 25, 1956.

Considers legislation to authorize donation of surplus Government property to states and local governments for civil defense purposes.

Bibliographic Details
Corporate Authors: United States. Congress. Senate. Committee on Government Operations. Subcommittee on Reorganization, Research, and International Organizations, ProQuest (Firm)
Format: Government Document eBook
Language:English
Published: Washington : U.S. G.P.O., 1956.
Series:U.S. Congressional Hearings.
Subjects:
Online Access:Connect to the full text of this electronic book

MARC

Tag First Indicator Second Indicator Subfields
LEADER 00000cam a22000001a 4500
001 in00003200799
006 m d f
007 cr bn mmmapmmp
008 090623s1956 dcu o f000 0 eng d
005 20260511195531.0
035 |a cis2007425077 
040 |a UMI  |c UMI  |d UtOrBLW 
043 |a n-us--- 
086 0 |a Y 4.G 74/6:Su 7/4 
099 |a HRG-1956-OPS-0015 
110 1 |a United States.  |b Congress.  |b Senate.  |b Committee on Government Operations.  |b Subcommittee on Reorganization, Research, and International Organizations. 
245 1 0 |a Surplus Property Donations :  |b hearings before the United States Senate Committee on Government Operations, Subcommittee on Reorganization, Eighty-Fourth Congress, second session, on Apr. 25, 1956. 
264 1 |a Washington :  |b U.S. G.P.O.,  |c 1956. 
300 |a 1 online resource. 
336 |a text  |b txt  |2 rdacontent 
337 |a computer  |b c  |2 rdamedia 
338 |a online resource  |b cr  |2 rdacarrier 
500 |a Record is based on bibliographic data in ProQuest Congressional Hearings Digital Collection. Reuse except for individual research requires license from ProQuest, LLC. 
520 |a Considers legislation to authorize donation of surplus Government property to states and local governments for civil defense purposes. 
520 |a Considers (84) S. 3693, (84) S. 1527, (84) H.R. 7227, (84) H.R. 7855. 
538 |a System requirements: PDF reader software. 
500 |a Electronic resource. 
650 0 |a Surplus government property, American  |x Law and legislation  |z United States. 
650 0 |a Civil defense  |x Equipment and supplies  |x Law and legislation  |z United States. 
655 7 |a Electronic books.  |2 local 
710 2 |a ProQuest (Firm) 
776 0 8 |i Print version:  |a United States. Congress. Senate. Committee on Government Operations. Subcommittee on Reorganization, Research, and International Organizations.  |t Surplus Property Donations 
776 0 8 |i Microfiche version:  |a United States. Congress. Senate. Committee on Government Operations. Subcommittee on Reorganization, Research, and International Organizations.  |t Surplus Property Donations.  |d [Bethesda, Md.] : ProQuest,[2004]  |o CIS Hrgs MF Gp 3--(84) S1194-7  |w (ProQuest)cis10603541 
830 0 |a U.S. Congressional Hearings. 
856 4 0 |u http://proxy.library.tamu.edu/login?url=https://congressional.proquest.com/congcomp/getdoc?HEARING-ID=HRG-1956-OPS-0015  |z Connect to the full text of this electronic book  |t 0 
998 |a cis10603541 
999 |a MARS 
999 f f |s b48a0d0c-e6a2-315c-8772-eff276c88b8c  |i 85b479cb-dcb8-3b19-a637-2c9a74ed6445  |t 0 
952 f f |a Texas A&M University  |b College Station  |c Electronic Resources  |s www_evans  |d Available Online  |t 0  |e HRG-1956-OPS-0015  |h Other scheme 
998 f f |a HRG-1956-OPS-0015  |t 0  |l Available Online